Synthesis, DNA/Protein Binding, Nuclease activity and Cytotoxicity of Heteroleptic Copper (II) Complexes (Record no. 37929)

MARC details
000 -LEADER
fixed length control field 00515nam a22001697a 4500
003 - CONTROL NUMBER IDENTIFIER
control field CUTN
005 - DATE AND TIME OF LATEST TRANSACTION
control field 20220120142316.0
008 - FIXED-LENGTH DATA ELEMENTS--GENERAL INFORMATION
fixed length control field 220120b ||||| |||| 00| 0 eng d
041 ## - LANGUAGE CODE
Language English
082 ## - DEWEY DECIMAL CLASSIFICATION NUMBER
Classification number 540
Item number KAR
100 ## - MAIN ENTRY--PERSONAL NAME
Personal name Kartikeyan, R (R141502)
245 ## - TITLE STATEMENT
Title Synthesis, DNA/Protein Binding, Nuclease activity and Cytotoxicity of Heteroleptic Copper (II) Complexes
260 ## - PUBLICATION, DISTRIBUTION, ETC. (IMPRINT)
Place of publication, distribution, etc Thiruvarur
Name of publisher, distributor, etc Central University of Tamil Nadu
Date of publication, distribution, etc October,2021
300 ## - PHYSICAL DESCRIPTION
Extent 211p,
700 ## - ADDED ENTRY--PERSONAL NAME
Personal name Rajendiran,V
942 ## - ADDED ENTRY ELEMENTS (KOHA)
Source of classification or shelving scheme Dewey Decimal Classification
Koha item type Thesis/Dissertation & Project
Holdings
Withdrawn status Lost status Source of classification or shelving scheme Damaged status Not for loan Collection code Home library Location Shelving location Date of Cataloging Total Checkouts Full call number Barcode Date last seen Price effective from Koha item type Public note
    Dewey Decimal Classification   Not For Loan Reference CUTN Central Library CUTN Central Library Thesis, Dissertation & Project 20/01/2022   540 KAR T043 20/01/2022 20/01/2022 Thesis/Dissertation & Project Thesis- Chemistry